Bức kí họa

Wedi'i Gadw mewn:
Manylion Llyfryddiaeth
Prif Awdur: Tùng Điển
Fformat: Llyfr
Iaith:Undetermined
Cyhoeddwyd: Hà Nội Lao động 1984
Pynciau:
Tagiau: Ychwanegu Tag
Dim Tagiau, Byddwch y cyntaf i dagio'r cofnod hwn!
Thư viện lưu trữ: Trung tâm Học liệu Trường Đại học Cần Thơ
LEADER 00502nam a2200181Ia 4500
001 CTU_10566
008 210402s9999 xx 000 0 und d
082 |a 895.922333 
082 |b T513 
100 |a Tùng Điển 
245 0 |a Bức kí họa 
245 0 |c Tùng Điển 
260 |a Hà Nội 
260 |b Lao động 
260 |c 1984 
650 |a vietnamese literature 
904 |i Nguyễn Quang Điền, 961010 
980 |a Trung tâm Học liệu Trường Đại học Cần Thơ